00502nam a2200181 a 4500001001300000003000900013005001700022008004100039020002300080082002000103100002500123245002200148260005600170300000900226500003500235505003100270650001900301nice12345678IN_TiNIC20260116014710.0111116s2011 newa grp 000 0 eng  a8188965219 c37500a305.40954bCHA4 aChaudhuri, Maitrayee aFeminism in India aNew Delhi bKali for Women & Women Unlimited c2011 a359p aincludes index and biblioraphy2 aBibliography ,Contributors aFeminism-India